| 000 | 00374nam a22001577a 4500 | ||
|---|---|---|---|
| 999 |
_c532438 _d532438 |
||
| 003 | NUST | ||
| 005 | 20191120154403.0 | ||
| 008 | 191120b ||||| |||| 00| 0 eng d | ||
| 038 | _aMSOHAIL | ||
| 082 | _a0 | ||
| 100 |
_aAndrew Pepper _925957 |
||
| 245 | _aDams: Engineering in a social | ||
| 260 |
_aLondon _bICE Publishing _cc2012 |
||
| 300 | _ap;536 | ||
| 942 |
_2ddc _cBK |
||